<?xml version="1.0" encoding="UTF-8"?>
<record
    xmlns:xsi="http://www.w3.org/2001/XMLSchema-instance"
    xsi:schemaLocation="http://www.loc.gov/MARC21/slim http://www.loc.gov/standards/marcxml/schema/MARC21slim.xsd"
    xmlns="http://www.loc.gov/MARC21/slim">

  <leader>02160cam a2200409 i 4500</leader>
  <controlfield tag="001">0000303029</controlfield>
  <controlfield tag="003">DO-SdUNP</controlfield>
  <controlfield tag="005">20250313142718.0</controlfield>
  <controlfield tag="007">tb</controlfield>
  <controlfield tag="008">180920s2018     drabcmf m    000 0 spa d</controlfield>
  <datafield tag="035" ind1=" " ind2=" ">
    <subfield code="a">0000099615</subfield>
  </datafield>
  <datafield tag="040" ind1=" " ind2=" ">
    <subfield code="a">DO-SdUNP</subfield>
    <subfield code="b">spa</subfield>
    <subfield code="c">UNPHU-BC</subfield>
    <subfield code="e">rda</subfield>
  </datafield>
  <datafield tag="082" ind1="0" ind2="4">
    <subfield code="a">EMA 2018</subfield>
    <subfield code="b">M778i</subfield>
    <subfield code="2">22</subfield>
  </datafield>
  <datafield tag="100" ind1="1" ind2=" ">
    <subfield code="a">Montero Ferrera, Gaspal.</subfield>
    <subfield code="e">autor</subfield>
    <subfield code="4">aut.</subfield>
  </datafield>
  <datafield tag="245" ind1="1" ind2="0">
    <subfield code="a">Incidencia de los proyectos participativos de aula (PPA) </subfield>
    <subfield code="b">en la gesti&#xF3;n ambiental de centros educativos. Caso: Distrito Escolar 10-01 /</subfield>
    <subfield code="c">Gaspal Montero Ferrera, Niwrca Alicia Montero Montero; asesora Luisa M. Valdez Lorenzo.</subfield>
  </datafield>
  <datafield tag="264" ind1=" " ind2="1">
    <subfield code="a">Santo Domingo :</subfield>
    <subfield code="b">UNPHU,</subfield>
    <subfield code="c">2018.</subfield>
  </datafield>
  <datafield tag="300" ind1=" " ind2=" ">
    <subfield code="a">ix, 82 h. :</subfield>
    <subfield code="b">il., gr&#xE1;fcs., tablas., mapas. +</subfield>
    <subfield code="e">CD.</subfield>
  </datafield>
  <datafield tag="336" ind1=" " ind2=" ">
    <subfield code="a">texto</subfield>
    <subfield code="b">txt</subfield>
    <subfield code="2">rdacontent</subfield>
  </datafield>
  <datafield tag="337" ind1=" " ind2=" ">
    <subfield code="a">sin mediaci&#xF3;n</subfield>
    <subfield code="b">n</subfield>
    <subfield code="2">rdamedia</subfield>
  </datafield>
  <datafield tag="338" ind1=" " ind2=" ">
    <subfield code="a">volumen</subfield>
    <subfield code="b">nc</subfield>
    <subfield code="2">rdacarrier</subfield>
  </datafield>
  <datafield tag="502" ind1=" " ind2=" ">
    <subfield code="a">Trabajo de Maestr&#xED;a (Maestr&#xED;a en Ciencias en Ecolog&#xED;a y Medio Ambiente). Universidad Nacional Pedro Henr&#xED;quez Ure&#xF1;a. Vicerrector&#xED;a de Postgrado Investigaci&#xF3;n y Asuntos Internacionales. Escuela de Graduados, 2018.</subfield>
  </datafield>
  <datafield tag="504" ind1=" " ind2=" ">
    <subfield code="a">Bibliograf&#xED;cas: h. 63-69.</subfield>
  </datafield>
  <datafield tag="505" ind1="8" ind2=" ">
    <subfield code="t">El problema de investigaci&#xF3;n --</subfield>
    <subfield code="t">Marco te&#xF3;rico --</subfield>
    <subfield code="t">Aspectos metodol&#xF3;gicos --</subfield>
    <subfield code="t">Presentaci&#xF3;n y an&#xE1;lisis de resultados --</subfield>
    <subfield code="t">Recomendaciones --</subfield>
    <subfield code="t">Anexos.</subfield>
  </datafield>
  <datafield tag="506" ind1=" " ind2=" ">
    <subfield code="a">Solicitar material en Sala de Tesis, 1er nivel.</subfield>
  </datafield>
  <datafield tag="650" ind1=" " ind2="4">
    <subfield code="a">Ciencias en ecolog&#xED;a y medio ambiente</subfield>
    <subfield code="x">Tesis y disertaciones acad&#xE9;micas</subfield>
    <subfield code="v">Maestr&#xED;a.</subfield>
    <subfield code="2">LEMB</subfield>
  </datafield>
  <datafield tag="650" ind1=" " ind2="4">
    <subfield code="a">Ciencias del medio ambiente</subfield>
    <subfield code="x">Ense&#xF1;anza.</subfield>
    <subfield code="2">LEMB</subfield>
  </datafield>
  <datafield tag="650" ind1=" " ind2="4">
    <subfield code="a">Educaci&#xF3;n ambiental</subfield>
    <subfield code="x">Ense&#xF1;anza</subfield>
    <subfield code="z">Am&#xE9;rica Latina.</subfield>
    <subfield code="2">LEMB</subfield>
  </datafield>
  <datafield tag="650" ind1=" " ind2="4">
    <subfield code="a">Impacto ambiental.</subfield>
    <subfield code="2">LEMB</subfield>
  </datafield>
  <datafield tag="650" ind1=" " ind2="0">
    <subfield code="a">Educaci&#xF3;n ambiental</subfield>
    <subfield code="x">Ense&#xF1;anza</subfield>
    <subfield code="z">Rep&#xFA;blica Dominicana.</subfield>
    <subfield code="2">LEMB</subfield>
  </datafield>
  <datafield tag="650" ind1=" " ind2="4">
    <subfield code="a">Protecci&#xF3;n del medio ambiente</subfield>
    <subfield code="x">Ense&#xF1;anza</subfield>
    <subfield code="z">Rep&#xFA;blica Dominicana.</subfield>
    <subfield code="2">LEMB</subfield>
  </datafield>
  <datafield tag="700" ind1="1" ind2=" ">
    <subfield code="a">Montero Montero, Niwrca Alicia.</subfield>
  </datafield>
  <datafield tag="700" ind1="1" ind2=" ">
    <subfield code="a">Valdez Lorenzo, Luisa M.,</subfield>
    <subfield code="e">asesora.</subfield>
  </datafield>
  <datafield tag="710" ind1="2" ind2=" ">
    <subfield code="a">Universidad Nacional Pedro Henr&#xED;quez Ure&#xF1;a.</subfield>
    <subfield code="9">665</subfield>
  </datafield>
  <datafield tag="908" ind1=" " ind2=" ">
    <subfield code="a">180920</subfield>
  </datafield>
  <datafield tag="942" ind1=" " ind2=" ">
    <subfield code="2">ddc</subfield>
    <subfield code="c">TED</subfield>
    <subfield code="n">0</subfield>
  </datafield>
  <datafield tag="999" ind1=" " ind2=" ">
    <subfield code="c">12516</subfield>
    <subfield code="d">12516</subfield>
  </datafield>
  <datafield tag="952" ind1=" " ind2=" ">
    <subfield code="0">0</subfield>
    <subfield code="1">0</subfield>
    <subfield code="2">ddc</subfield>
    <subfield code="4">0</subfield>
    <subfield code="7">0</subfield>
    <subfield code="a">RII</subfield>
    <subfield code="b">RII</subfield>
    <subfield code="d">2025-03-10</subfield>
    <subfield code="l">0</subfield>
    <subfield code="o">EMA 2018 M778i</subfield>
    <subfield code="r">2025-03-10 14:42:01</subfield>
    <subfield code="w">2025-03-10</subfield>
    <subfield code="y">TED</subfield>
  </datafield>
</record>
